Na západní frontě klid? Trh s vojenskou technikou

Analýza pozície západoeurópskych výrobcov vojenskej techniky. Porovnanie s postavením ich konkurentov. Analýza vplyvov na vývoj tohto odvetvia. Americký vojenský priemysel. Štrukturálne zmeny západoeurópskeho zbrojárskeho priemyslu. Vývoj obchodu so zbraňami.

Salvato in:
Dettagli Bibliografici
Autore principale: Boháč, L.
Natura: Capitolo di libro
Lingua:ceco
Soggetti:
Tags: Aggiungi Tag
Nessun Tag, puoi essere il primo ad aggiungerne!!

MARC

LEADER 00000naa a2200000 4500
001 r019753
005 20230920091649.6
041 0 |a cze 
044 |a CZ 
245 1 0 |a Na západní frontě klid?  |b Trh s vojenskou technikou  |c L. Boháč 
520 |a Analýza pozície západoeurópskych výrobcov vojenskej techniky. Porovnanie s postavením ich konkurentov. Analýza vplyvov na vývoj tohto odvetvia. Americký vojenský priemysel. Štrukturálne zmeny západoeurópskeho zbrojárskeho priemyslu. Vývoj obchodu so zbraňami. 
610 2 0 |a priemysel zbrojársky 
610 2 0 |a technika vojenská 
610 2 0 |a trh 
610 2 0 |a zmeny štruktúrne 
610 2 0 |a západná Európa 
610 2 0 |a USA 
610 2 0 |a zbrane 
100 1 |a Boháč, L.